Diplomatari del monestir de Santa Maria de Serrateix (segles X - XV) / Edició i estudi a cura de Jordi Bolòs
ISBN:
84-9779-465-6
Descripción Física:
711 p., [4] f. de làm. ; 24 cm
Colección:
Diplomataris ; 42
MARC
| LEADER | 00000nam a2200000Ia 4500 | ||
|---|---|---|---|
| 001 | 19173 | ||
| 008 | 160829s2006 xx 000 0 cat d | ||
| 020 | |a 84-9779-465-6 | ||
| 080 | |a A-2-289 | ||
| 245 | |a Diplomatari del monestir de Santa Maria de Serrateix (segles X - XV) / Edició i estudi a cura de Jordi Bolòs | ||
| 260 | |a Barcelona : |b Fundació Noguera ; Lleida : |b Pagès, |c 2006 | ||
| 300 | |a 711 p., [4] f. de làm. ; |c 24 cm | ||
| 490 | |a Diplomataris ; 42 | ||
| 590 | |a Bibliografia | ||
| 650 | |a Monestir de Santa Maria de Serrateix |9 45344 | ||
| 650 | |a Monestirs |x Història |x Fonts |9 45345 | ||
| 650 | |a Diplomàtica |x Serrateix i Viver (Berguedà) |x Història |9 45346 | ||
| 700 | 1 | |a Bolòs i Masclans, Jordi |9 44982 | |
| 700 | |a Fundació Noguera |9 70407 | ||
| 901 | |a Arxiu | ||
| 942 | |n 1 | ||
| 952 | |0 0 |1 0 |4 0 |6 A2289 |7 1 |9 52514 |a Arxiu |b Arxiu |d 2016-12-01 |l 0 |o A-2-289 |p 19173 |r 2016-12-01 00:00:00 |w 2016-12-01 |y ARXIU | ||
| 999 | |c 56362 |d 56362 | ||